000 00262nam a2200133Ia 4500
100 _aDegrot
942 _cBK
654 _ametal
245 _aMetal Working Automation
260 _bMc Graw Hill
_c2001
082 _a670.4
300 _a332
546 _aENGLISH
999 _c22349
_d22349